Länder auf Französisch - Statistiken

Allgemein
  • Dieses Quiz wurde 239 mal gespielt
  • Das Durchschnittsergebnis liegt bei 7 aus 24
Antwortstatistiken
Deutsch Französisch % Korrekt
Deutschland Allemagne
98%
Belgien Belgique
71%
Spanien Espagne
61%
Österreich Autriche
55%
Japan Japon
50%
Vereinigte Staaten États-Unis
48%
Niederlande Pays-Bas
47%
Brasilien Brésil
31%
Chile Chili
25%
Ungarn Hongrie
24%
Vereinigtes Königreich Royaume-Uni
24%
Peru Pérou
20%
Zypern Chypre
17%
Barbados Barbade
16%
Lettland Lettonie
15%
Mauritius Maurice
15%
Saudi-Arabien Arabie saoudite
14%
Kambodscha Cambodge
13%
Neuseeland Nouvelle-Zélande
13%
Uganda Ouganda
13%
Ecuador Équateur
11%
Eritrea Érythrée
8%
Ost-Timor Timor oriental
8%
Trinidad und Tobago Trinité et Tobago
7%
Keine übereinstimmenden Quizze gefunden
Verteilung der Resultate
Anzahl Personen mit jedem Resultat
Perzentil nach korrekt beantworteten Fragen
Ihre Resultats-Entwicklung
Sie haben dieses Quiz noch nicht gespielt